Toxicity and Genotoxicity Testing of Two Forms of the Herbicide Preparation Bentazon by the Ames Test

Bibliographic Details
Main Authors: Podstavková, Svetlana (Author), Miadoková, Eva, 1946- (Author), Vlček, Daniel, 1943- (Author)
Format: Article
Language:English
PhysicalDescription:Tab. 2, res. angl., slov., lit. 9 zázn. v angl.
ISBN:8022306398
Subjects:

MARC

LEADER 00000nab a2200000 a 4500
001 vtls000574716
003 SK-MaSNL
005 20260319074535.0
008 220422c1993 xo 0 eng
015 |a SNBRA19rr/mm-uuuuu 
035 |a CL0574854 
040 |a SNKBUCL  |b slo  |c SNKBUCL  |e AACR2 
041 0 |a eng 
044 |a xo  |c SK 
080 |a 632.954.024:575.224.4:576.385:579.84  |2 1981 
080 |a 575.224.4  |2 1981 
080 |a 576.385  |2 1981 
080 |a 579.84  |2 1981 
100 1 |a Podstavková, Svetlana  |4 aut  |9 930002 
245 1 0 |a Toxicity and Genotoxicity Testing of Two Forms of the Herbicide Preparation Bentazon by the Ames Test  |c S. Podstavková, E. Miadoková, D. Vlček 
300 |b Tab. 2, res. angl., slov., lit. 9 zázn. v angl. 
650 0 7 |a Bentazon (herbicíd)  |2 snkbucl  |9 993513 
650 0 7 |a Salmonella typhimurium  |2 snkbucl  |9 917461 
655 7 |a články zo zborníkov  |2 snkbucl  |9 166140 
700 1 |a Miadoková, Eva,  |d 1946-  |4 aut  |9 5905 
700 1 |a Vlček, Daniel,  |d 1943-  |4 aut  |9 214729 
773 0 |t Acta Facultatis rerum naturalium Universitatis Comenianae. Genetica et biologia molecularis 24-25  |d Bratislava : Univerzita Komenského, 1993  |g S. 1-7  |z 8022306398 
850 |a Slovenská národná knižnica v Martine  |a MTA001 
852 |a SNK  |b KIS3GCP 
958 |a RK 
958 |a ME 
992 |a RZB 
999 |c 1600749  |d 1602679